<?xml version="1.0" encoding="UTF-8"?>
<record
    xmlns:xsi="http://www.w3.org/2001/XMLSchema-instance"
    xsi:schemaLocation="http://www.loc.gov/MARC21/slim http://www.loc.gov/standards/marcxml/schema/MARC21slim.xsd"
    xmlns="http://www.loc.gov/MARC21/slim">

  <leader>00626nam a22001577a 4500</leader>
  <controlfield tag="005">2012041708218.0</controlfield>
  <datafield tag="020" ind1=" " ind2=" ">
    <subfield code="a">8173912718</subfield>
    <subfield code="c">410.00</subfield>
  </datafield>
  <datafield tag="035" ind1=" " ind2=" ">
    <subfield code="a">A-945440</subfield>
  </datafield>
  <datafield tag="037" ind1=" " ind2=" ">
    <subfield code="a">DPL</subfield>
    <subfield code="b">ENG</subfield>
  </datafield>
  <datafield tag="100" ind1=" " ind2=" ">
    <subfield code="a">Nayak, Utpala</subfield>
    <subfield code="9">45230</subfield>
  </datafield>
  <datafield tag="245" ind1=" " ind2=" ">
    <subfield code="a">Women's development and social conflicts :</subfield>
    <subfield code="b">Historical perspectives on Indian women /</subfield>
    <subfield code="c">by Utpala Nayak</subfield>
  </datafield>
  <datafield tag="260" ind1=" " ind2=" ">
    <subfield code="a">New Delhi</subfield>
    <subfield code="b">Kanishka Publishers, Distributors</subfield>
    <subfield code="c">1999</subfield>
  </datafield>
  <datafield tag="300" ind1=" " ind2=" ">
    <subfield code="a">xxii, 327p.</subfield>
    <subfield code="c">23 cms.</subfield>
  </datafield>
  <datafield tag="942" ind1=" " ind2=" ">
    <subfield code="2">ddc</subfield>
    <subfield code="c">EN</subfield>
    <subfield code="h">305.4095454</subfield>
    <subfield code="m">NAY</subfield>
  </datafield>
  <datafield tag="999" ind1=" " ind2=" ">
    <subfield code="c">65127</subfield>
    <subfield code="d">65127</subfield>
  </datafield>
  <datafield tag="952" ind1=" " ind2=" ">
    <subfield code="0">0</subfield>
    <subfield code="1">0</subfield>
    <subfield code="4">0</subfield>
    <subfield code="7">0</subfield>
    <subfield code="8">NFIC</subfield>
    <subfield code="a">ZLS</subfield>
    <subfield code="b">ZLS</subfield>
    <subfield code="d">2012-04-17</subfield>
    <subfield code="g">410.00</subfield>
    <subfield code="l">0</subfield>
    <subfield code="o">305.4095454 NAY</subfield>
    <subfield code="p">A-945440</subfield>
    <subfield code="r">2012-04-17 00:00:00</subfield>
    <subfield code="v">410.00</subfield>
    <subfield code="w">2012-04-17</subfield>
    <subfield code="y">EN</subfield>
  </datafield>
</record>
